|
|
|
|
| LEADER |
00000nlm2a2200000 4500 |
| 001 |
347661 |
| 005 |
20231102010025.0 |
| 035 |
|
|
|a (RuTPU)RU\TPU\book\379616
|
| 035 |
|
|
|a RU\TPU\book\379447
|
| 090 |
|
|
|a 347661
|
| 100 |
|
|
|a 20220603d2022 k y0rusy50 ca
|
| 101 |
0 |
|
|a rus
|
| 102 |
|
|
|a RU
|
| 135 |
|
|
|a drcn ---uucaa
|
| 181 |
|
0 |
|a i
|
| 182 |
|
0 |
|a b
|
| 200 |
0 |
|
|a Т. 333, № 5
|
| 203 |
|
|
|a Текст
|c электронный
|
| 210 |
|
|
|d 2022
|
| 320 |
|
|
|a Библиогр. в конце статей
|
| 461 |
|
1 |
|0 (RuTPU)RU\TPU\book\312844
|x 2413-1830
|t Известия Томского политехнического университета [Известия ТПУ]. Инжиниринг георесурсов
|f Национальный исследовательский Томский политехнический университет (ТПУ)
|v Т. 333, № 5
|d 2015-
|
| 601 |
0 |
2 |
|a Национальный исследовательский Томский политехнический университет (ТПУ)
|c (2009- )
|2 stltpush
|3 (RuTPU)RU\TPU\col\15902
|
| 606 |
1 |
|
|a Научно-технический потенциал
|2 stltpush
|3 (RuTPU)RU\TPU\subj\45166
|9 64427
|
| 610 |
1 |
|
|a медистые песчаники
|
| 610 |
1 |
|
|a рудопроявление
|
| 610 |
1 |
|
|a продуктивные пласты
|
| 610 |
1 |
|
|a буровые растворы
|
| 610 |
1 |
|
|a шароструйное бурение
|
| 610 |
1 |
|
|a газопаровые установки
|
| 610 |
1 |
|
|a утилизация
|
| 610 |
1 |
|
|a поверхностные воды
|
| 610 |
1 |
|
|a минеролого-геохимические особенности
|
| 610 |
1 |
|
|a железняки
|
| 610 |
1 |
|
|a канализационные коллекторы
|
| 610 |
1 |
|
|a сцинтилляционная спектрометрия
|
| 610 |
1 |
|
|a парогравитационный дренаж
|
| 610 |
1 |
|
|a алмазные долота
|
| 610 |
1 |
|
|a направленное бурение
|
| 610 |
1 |
|
|a извлекаемые запасы
|
| 610 |
1 |
|
|a нефтяные объекты
|
| 610 |
1 |
|
|a выщелачивание
|
| 610 |
1 |
|
|a уран
|
| 610 |
1 |
|
|a стабильные изотопы
|
| 610 |
1 |
|
|a экосистемы
|
| 610 |
1 |
|
|a геоэлектрические признаки
|
| 610 |
1 |
|
|a месторождения
|
| 610 |
1 |
|
|a очистка
|
| 610 |
1 |
|
|a металлокерамические материалы
|
| 610 |
1 |
|
|a нефтеотдача
|
| 610 |
1 |
|
|a утилизация
|
| 610 |
1 |
|
|a попутные газы
|
| 610 |
1 |
|
|a фронтальные погрузчики
|
| 610 |
1 |
|
|a асинхронные электродвигатели
|
| 610 |
1 |
|
|a гидрогеологические условия
|
| 610 |
1 |
|
|a гидрогеохимия
|
| 610 |
1 |
|
|a дренажные воды
|
| 610 |
1 |
|
|a научные исследования
|
| 610 |
1 |
|
|a электронный ресурс
|
| 675 |
|
|
|a 62
|v 3
|
| 801 |
|
2 |
|a RU
|b 63413507
|c 20220616
|g RCR
|
| 856 |
4 |
0 |
|u https://earchive.tpu.ru/bitstream/11683/71696/1/bulletin_tpu-2022-v333-i5.pdf
|
| 856 |
4 |
0 |
|u https://doi.org/10.18799/24131830/2022/5
|
| 942 |
|
|
|c CF
|